000 00308nam a22001337a 4500
008 170713b xxu||||| |||| 00| 0 eng d
020 _acahncla0601
041 _aeng
080 _a17
100 _a24
101 _aFIL
245 _aCLASSICS OF POLITICAL AND MORAL PHILOSOPHY
_cCAHN, S.M
942 _2udc
_cBK
999 _c20529
_d20529